00603nam a2200169 a 450000500170000000800410001702000150005805000270007310000220010024500830012225000120020526000590021730000400027652100070031665000330032365000770035620140310183314.0051011s19uu xx 00 eng d a0324042914 aKF 390.B84 b.B34 2003 aBagley, Constance aThe entrepreneur's guide to business law /cConstance Bagley, Craig E. Dauchy. a2nd ed. aMason, Ohio :bWest Legal Studies in Business,cc2003. axviii, 730 p. ;bcol. ill; c25 cm. aMA aBusiness lawxUnited States. aBusiness enterprisesxlaw and legislationxUnited Statesxpopular works.